Kraje Ameryki Południowej - Statystyki

Ogólne statystyki
  • Ten quiz został rozwiązany 1 253 razy
  • Średni wynik to 10 z 12
Odpowiedzi na mapie
Odpowiedzi zakodowano w zielono-czerwonej skali na mapie do tego quizu, zgodnie z poniższymi procentami.
 
Statystyki odpowiedzi
Odpowiedź % Poprawnych
Brazylia
100%
Argentyna
97%
Chile
97%
Peru
86%
Kolumbia
85%
Urugwaj
84%
Wenezuela
82%
Boliwia
81%
Paragwaj
77%
Ekwador
74%
Gujana
67%
Surinam
56%
Nie znaleziono quizów pasujących do podanych kryteriów
Rozkład punktacji
Procent ludzi z każdym wynikiem
Percentyl według liczby udzielonych odpowiedzi
Twoja historia wyników
Nie rozwiązałeś tego quizu